| 000 | nam a22 a 4500 | ||
|---|---|---|---|
| 999 |
_c1744 _d1744 |
||
| 005 | 20170511150325.0 | ||
| 008 | 170511b1987 xxu||||| |||| 00| 0 eng d | ||
| 020 | _a081337197X | ||
| 040 | _aAKMAL | ||
| 082 | _a338.173 HOR | ||
| 090 |
_a338.173 _bHOR |
||
| 100 |
_aHorton, Douglas E. _93606 |
||
| 245 |
_aPotatoes _bproduction, marketing, and programs in developing countries / _cDouglas Horton |
||
| 260 |
_aBoulder _bWestview Press _c1987. |
||
| 300 | _ccm | ||
| 490 | _aWinrock development-oriented literature series | ||
| 852 |
_aBritish Library _bDSC |
||
| 942 |
_2ddc _cBOOK |
||